Economía Internacional (Registro nro. 4319)
[ vista simple ]
| 000 -LEADER | |
|---|---|
| fixed length control field | 02145 a2200265 4500 |
| 001 - CONTROL NUMBER | |
| control field | 47211 |
| 005 - DATE AND TIME OF LATEST TRANSACTION | |
| control field | 20260407155740.0 |
| 008 - FIXED-LENGTH DATA ELEMENTS--GENERAL INFORMATION | |
| fixed length control field | 260407a1995 arg spa d |
| 003 - CONTROL NUMBER IDENTIFIER | |
| control field | AR-UNSa-BCEJYS |
| 040 ## - CATALOGING SOURCE | |
| Original cataloging agency | AR-UNSa-BCEJYS |
| Language of cataloging | spa |
| Transcribing agency | AR-UNSa-BCEJYS |
| 080 ## - UNIVERSAL DECIMAL CLASSIFICATION NUMBER | |
| Universal Decimal Classification number | 339.9 |
| Common auxiliary subdivision | Economía internacional en general. Relaciones económicas internacionales. Economía mundial |
| 020 ## - INTERNATIONAL STANDARD BOOK NUMBER | |
| International Standard Book Number | 978-958-600-248-6 |
| 100 1# - MAIN ENTRY--PERSONAL NAME | |
| Personal name | Salvatore, Dominick |
| 245 10 - TITLE STATEMENT | |
| Title | Economía Internacional |
| 264 #1 - PRODUCTION, PUBLICATION, DISTRIBUTION, MANUFACTURE, AND COPYRIGHT NOTICE | |
| Place of production, publication, distribution, manufacture | Bogotá : |
| Name of producer, publisher, distributor, manufacturer | McGraw-Hill |
| Date of production, publication, distribution, manufacture, or copyright notice | 1995 |
| 300 ## - PHYSICAL DESCRIPTION | |
| Extent | 815 p. |
| Dimensions | 23 cm. |
| 505 ## - FORMATTED CONTENTS NOTE | |
| Formatted contents note | 1. Introducción - 2. Ley de la ventaja comparativa - 3. Teoría fundamental del comercio internacional - 4. Demanda y oferta, curvas de oferta, y términos de intercambio - 5. Dotaciones de los factores de producción y la teoría de Heckscher-Ohlin - 6. Economías de escala, competencia imperfecta y comercio internacional - 7. Crecimiento económico y comercio internacional - 8. Restricciones comerciales : aranceles - 9. Barreras comerciales no arancelarias y neoproteccionismo - 10. Integración económica : uniones aduaneras y áreas de libre comercio - 11. Comercio internacional y desarrollo económico - 12. Movilidad internacional de recursos y empresas multinacionales - 13. Mercados de divisas y tasas de cambio - 14. Balanza de pagos - 15. Mecanismo de ajuste del precio en sistemas de tasas de cambio flexible y fija - 16. Mecanismo ajuste-ingreso y síntesis de los ajustes automáticos - 17. Macroeconomía de una economía abierta : políticas de ajuste - 18. El enfoque monetario y el modelo de equilibrio de portafolio - 19. Tasas de cambio flexibles versus tasas de cambio fijas, el sistema monetario europeo y la coordinación de la política macroeconómica - 20. Sistema monetario internacional : evolución y situación actual. |
| 590 ## - LOCAL NOTE (RLIN) | |
| Local note | niveau_biblio:m niveau_hierar:0 |
| 700 1# - ADDED ENTRY--PERSONAL NAME | |
| Personal name | Cano, Leonardo |
| 700 1# - ADDED ENTRY--PERSONAL NAME | |
| Personal name | Mejia Duque, María Victoria |
| 700 1# - ADDED ENTRY--PERSONAL NAME | |
| Personal name | Villamizar, Germán Alberto |
| 700 1# - ADDED ENTRY--PERSONAL NAME | |
| Personal name | Bahamón, Luis Alfonso |
| 856 41 - ELECTRONIC LOCATION AND ACCESS | |
| Uniform Resource Identifier | <a href="https://www.biblioeco.unsa.edu.ar/pmb/images/libros/L127434.jpg">https://www.biblioeco.unsa.edu.ar/pmb/images/libros/L127434.jpg</a> |
| Link text | Imagen de portada |
| Electronic format type | image/jpeg |
| 942 ## - ADDED ENTRY ELEMENTS (KOHA) | |
| Koha item type | |
| Withdrawn status | Lost status | Damaged status | Not for loan | Home library | Current library | Shelving location | Date acquired | Total checkouts | Full call number | Barcode | Date last seen | Price effective from | Koha item type |
|---|---|---|---|---|---|---|---|---|---|---|---|---|---|
| Biblioteca Prof. Eusebio Cleto del Rey | Biblioteca Prof. Eusebio Cleto del Rey | 07/04/2026 | 339.9 S182 4ed. | L127434 | 07/04/2026 | 07/04/2026 | Libro |